| 000 | 00448 a2200169 4500 | ||
|---|---|---|---|
| 005 | 20131121115604.0 | ||
| 008 | 131121b xxu||||| |||| 00| 0 eng d | ||
| 020 | _a978819171271X | ||
| 080 |
_a502:579 _bJOH |
||
| 100 | _aJohn, H C | ||
| 245 | _aApplied environmental microbiology | ||
| 260 |
_bSigma _c2012 _aNew Delhi |
||
| 300 | _a683p. | ||
| 653 | _aBiosphere - microbial components | ||
| 653 | _aMicrobe - animal interactions | ||
| 942 | _cBK | ||
| 999 |
_c77680 _d77679 |
||